000 00791cab a2200241 4500
001 WB3513-31
008 090401t1999 xxu||||| |||| 00| 0 eng d
035 _a(Sirsi) u92421
041 _aeng
245 _aRight to roam Bill dropped
260 _c1999
350 _a0
490 _aIndependent
_v27 March 1999, 8(1)
520 _aThe Private Members' Bill on the right to roam has been withdrawn by Gordon Prentice, a Labour MP, after the government promised to bring forward legislation on the matter later in the year. See WB3510-34.
650 _aACCESS TO THE COUNTRYSIDE
650 _aCOUNTRYSIDE AGENCY
650 _aLANDOWNERS
650 _aRAMBLERS
650 _aRIGHT TO ROAM
690 _aHIGHWAYS RIGHTS OF WAY AND EASEMENTS
942 _n0
948 _c29/03/1999
999 _c58590
_d58590